<?xml version="1.0" encoding="UTF-8"?>
<record
    xmlns:xsi="http://www.w3.org/2001/XMLSchema-instance"
    xsi:schemaLocation="http://www.loc.gov/MARC21/slim http://www.loc.gov/standards/marcxml/schema/MARC21slim.xsd"
    xmlns="http://www.loc.gov/MARC21/slim">

  <leader>02979nam a22004454a 4500</leader>
  <controlfield tag="005">20100728162048.0</controlfield>
  <datafield tag="010" ind1=" " ind2=" ">
    <subfield code="a">B-406951-959</subfield>
  </datafield>
  <datafield tag="020" ind1=" " ind2=" ">
    <subfield code="c">1125.00</subfield>
    <subfield code="a">9788170005728</subfield>
  </datafield>
  <datafield tag="035" ind1=" " ind2=" ">
    <subfield code="a">B-406951-959</subfield>
  </datafield>
  <datafield tag="037" ind1=" " ind2=" ">
    <subfield code="b">PUB </subfield>
  </datafield>
  <datafield tag="082" ind1=" " ind2=" ">
    <subfield code="a">025.84</subfield>
  </datafield>
  <datafield tag="100" ind1=" " ind2=" ">
    <subfield code="a">Balloffet, Nelly </subfield>
    <subfield code="9">2220</subfield>
  </datafield>
  <datafield tag="245" ind1=" " ind2=" ">
    <subfield code="a">Preservation and conservation for libraries and archives /</subfield>
    <subfield code="c">by Nelly Balloffet (and) Jenny Hille; edited by Judith Reed; illustrated by Jenny Hille</subfield>
  </datafield>
  <datafield tag="260" ind1=" " ind2=" ">
    <subfield code="a">New Delhi </subfield>
    <subfield code="b">Ess Ess Publications </subfield>
    <subfield code="c">2009</subfield>
  </datafield>
  <datafield tag="270" ind1=" " ind2=" ">
    <subfield code="a">4837/24, Ansari Road, Daryanganj</subfield>
    <subfield code="b">New Delhi </subfield>
    <subfield code="e">110002</subfield>
  </datafield>
  <datafield tag="300" ind1=" " ind2=" ">
    <subfield code="a">xix, 214p.</subfield>
    <subfield code="c">29cm(Hb)  </subfield>
    <subfield code="b">ill.  </subfield>
  </datafield>
  <datafield tag="500" ind1=" " ind2=" ">
    <subfield code="a">Includes glossary and index </subfield>
  </datafield>
  <datafield tag="650" ind1=" " ind2=" ">
    <subfield code="a">Library materials </subfield>
    <subfield code="x">Conservation and restoration.</subfield>
    <subfield code="9">2221</subfield>
  </datafield>
  <datafield tag="650" ind1=" " ind2=" ">
    <subfield code="a">Archival materials </subfield>
    <subfield code="x">Conservation and restoration. </subfield>
    <subfield code="9">2222</subfield>
  </datafield>
  <datafield tag="650" ind1=" " ind2=" ">
    <subfield code="a">Library materials </subfield>
    <subfield code="x">Storage.</subfield>
    <subfield code="9">2223</subfield>
  </datafield>
  <datafield tag="650" ind1=" " ind2=" ">
    <subfield code="a">Archival materials </subfield>
    <subfield code="x">Storage.</subfield>
    <subfield code="9">2224</subfield>
  </datafield>
  <datafield tag="650" ind1=" " ind2=" ">
    <subfield code="a">Paper </subfield>
    <subfield code="x">Preservation.</subfield>
    <subfield code="9">2225</subfield>
  </datafield>
  <datafield tag="650" ind1=" " ind2=" ">
    <subfield code="a">Books </subfield>
    <subfield code="x">Conservation and restoration.</subfield>
    <subfield code="9">2226</subfield>
  </datafield>
  <datafield tag="650" ind1=" " ind2=" ">
    <subfield code="a">Library exhibits.</subfield>
    <subfield code="9">2227</subfield>
  </datafield>
  <datafield tag="650" ind1=" " ind2=" ">
    <subfield code="a">Archives </subfield>
    <subfield code="x">Exhibitions.</subfield>
    <subfield code="9">2228</subfield>
  </datafield>
  <datafield tag="700" ind1=" " ind2=" ">
    <subfield code="a">Hille, Jenny </subfield>
    <subfield code="9">2229</subfield>
  </datafield>
  <datafield tag="700" ind1=" " ind2=" ">
    <subfield code="a">Reed, Judith</subfield>
    <subfield code="9">2230</subfield>
  </datafield>
  <datafield tag="700" ind1=" " ind2=" ">
    <subfield code="a">Hille, Jenny </subfield>
    <subfield code="9">2231</subfield>
  </datafield>
  <datafield tag="942" ind1=" " ind2=" ">
    <subfield code="2">ddc</subfield>
    <subfield code="c">RF</subfield>
    <subfield code="m">BAL</subfield>
    <subfield code="h">025.84</subfield>
  </datafield>
  <datafield tag="999" ind1=" " ind2=" ">
    <subfield code="c">35231</subfield>
    <subfield code="d">35231</subfield>
  </datafield>
  <datafield tag="952" ind1=" " ind2=" ">
    <subfield code="0">0</subfield>
    <subfield code="1">0</subfield>
    <subfield code="4">0</subfield>
    <subfield code="7">1</subfield>
    <subfield code="8">REF</subfield>
    <subfield code="a">L</subfield>
    <subfield code="b">L</subfield>
    <subfield code="d">2010-07-28</subfield>
    <subfield code="e">Ess Ess Pub./20789/26.5.10/10/20.5.10/7.6.10</subfield>
    <subfield code="g">1125.00</subfield>
    <subfield code="l">0</subfield>
    <subfield code="o">025.84 BAL</subfield>
    <subfield code="p">B-406951</subfield>
    <subfield code="r">2010-07-28 00:00:00</subfield>
    <subfield code="t">1</subfield>
    <subfield code="v">1125.00</subfield>
    <subfield code="w">2010-07-28</subfield>
    <subfield code="y">EN</subfield>
  </datafield>
  <datafield tag="952" ind1=" " ind2=" ">
    <subfield code="0">0</subfield>
    <subfield code="1">0</subfield>
    <subfield code="4">0</subfield>
    <subfield code="7">1</subfield>
    <subfield code="8">REF</subfield>
    <subfield code="a">L</subfield>
    <subfield code="b">L</subfield>
    <subfield code="d">2010-07-28</subfield>
    <subfield code="e">Ess Ess Pub./20789/26.5.10/10/20.5.10/7.6.10</subfield>
    <subfield code="g">1125.00</subfield>
    <subfield code="l">0</subfield>
    <subfield code="o">025.84 BAL</subfield>
    <subfield code="p">B-406952</subfield>
    <subfield code="r">2010-07-28 00:00:00</subfield>
    <subfield code="t">1</subfield>
    <subfield code="v">1125.00</subfield>
    <subfield code="w">2010-07-28</subfield>
    <subfield code="y">EN</subfield>
  </datafield>
  <datafield tag="952" ind1=" " ind2=" ">
    <subfield code="0">0</subfield>
    <subfield code="1">0</subfield>
    <subfield code="4">0</subfield>
    <subfield code="7">1</subfield>
    <subfield code="8">REF</subfield>
    <subfield code="a">BL1</subfield>
    <subfield code="b">BL1</subfield>
    <subfield code="d">2010-07-28</subfield>
    <subfield code="e">Ess Ess Pub./20789/26.5.10/10/20.5.10/7.6.10</subfield>
    <subfield code="g">1125.00</subfield>
    <subfield code="l">0</subfield>
    <subfield code="o">025.84 BAL</subfield>
    <subfield code="p">B-406953</subfield>
    <subfield code="r">2010-07-28 00:00:00</subfield>
    <subfield code="t">1</subfield>
    <subfield code="v">1125.00</subfield>
    <subfield code="w">2010-07-28</subfield>
    <subfield code="y">EN</subfield>
  </datafield>
  <datafield tag="952" ind1=" " ind2=" ">
    <subfield code="0">0</subfield>
    <subfield code="1">0</subfield>
    <subfield code="4">0</subfield>
    <subfield code="7">1</subfield>
    <subfield code="8">REF</subfield>
    <subfield code="a">JP</subfield>
    <subfield code="b">JP</subfield>
    <subfield code="d">2010-07-28</subfield>
    <subfield code="e">Ess Ess Pub./20789/26.5.10/10/20.5.10/7.6.10</subfield>
    <subfield code="g">1125.00</subfield>
    <subfield code="l">0</subfield>
    <subfield code="o">025.84 BAL</subfield>
    <subfield code="p">B-406954</subfield>
    <subfield code="r">2010-07-28 00:00:00</subfield>
    <subfield code="t">1</subfield>
    <subfield code="v">1125.00</subfield>
    <subfield code="w">2010-07-28</subfield>
    <subfield code="y">EN</subfield>
  </datafield>
  <datafield tag="952" ind1=" " ind2=" ">
    <subfield code="0">0</subfield>
    <subfield code="1">0</subfield>
    <subfield code="4">0</subfield>
    <subfield code="7">1</subfield>
    <subfield code="8">REF</subfield>
    <subfield code="a">ZLS</subfield>
    <subfield code="b">ZLS</subfield>
    <subfield code="d">2010-07-28</subfield>
    <subfield code="e">Ess Ess Pub./20789/26.5.10/10/20.5.10/7.6.10</subfield>
    <subfield code="g">1125.00</subfield>
    <subfield code="l">0</subfield>
    <subfield code="o">025.84 BAL</subfield>
    <subfield code="p">B-406955</subfield>
    <subfield code="r">2010-07-28 00:00:00</subfield>
    <subfield code="t">2</subfield>
    <subfield code="v">1125.00</subfield>
    <subfield code="w">2010-07-28</subfield>
    <subfield code="y">EN</subfield>
  </datafield>
  <datafield tag="952" ind1=" " ind2=" ">
    <subfield code="0">0</subfield>
    <subfield code="1">0</subfield>
    <subfield code="4">0</subfield>
    <subfield code="7">1</subfield>
    <subfield code="8">REF</subfield>
    <subfield code="a">ZLS</subfield>
    <subfield code="b">ZLS</subfield>
    <subfield code="d">2010-07-28</subfield>
    <subfield code="e">Ess Ess Pub./20789/26.5.10/10/20.5.10/7.6.10</subfield>
    <subfield code="g">1125.00</subfield>
    <subfield code="l">0</subfield>
    <subfield code="o">025.84 BAL</subfield>
    <subfield code="p">B-406956</subfield>
    <subfield code="r">2010-07-28 00:00:00</subfield>
    <subfield code="t">2</subfield>
    <subfield code="v">1125.00</subfield>
    <subfield code="w">2010-07-28</subfield>
    <subfield code="y">EN</subfield>
  </datafield>
  <datafield tag="952" ind1=" " ind2=" ">
    <subfield code="0">0</subfield>
    <subfield code="1">0</subfield>
    <subfield code="4">0</subfield>
    <subfield code="7">1</subfield>
    <subfield code="8">REF</subfield>
    <subfield code="a">VP</subfield>
    <subfield code="b">VP</subfield>
    <subfield code="d">2010-07-28</subfield>
    <subfield code="e">Ess Ess Pub./20789/26.5.10/10/20.5.10/7.6.10</subfield>
    <subfield code="g">1125.00</subfield>
    <subfield code="l">0</subfield>
    <subfield code="o">025.84 BAL</subfield>
    <subfield code="p">B-406957</subfield>
    <subfield code="r">2010-07-28 00:00:00</subfield>
    <subfield code="t">1</subfield>
    <subfield code="v">1125.00</subfield>
    <subfield code="w">2010-07-28</subfield>
    <subfield code="y">EN</subfield>
  </datafield>
  <datafield tag="952" ind1=" " ind2=" ">
    <subfield code="0">0</subfield>
    <subfield code="1">0</subfield>
    <subfield code="4">0</subfield>
    <subfield code="7">1</subfield>
    <subfield code="8">REF</subfield>
    <subfield code="a">BL3</subfield>
    <subfield code="b">BL3</subfield>
    <subfield code="d">2010-07-28</subfield>
    <subfield code="e">Ess Ess Pub./20789/26.5.10/10/20.5.10/7.6.10</subfield>
    <subfield code="g">1125.00</subfield>
    <subfield code="l">0</subfield>
    <subfield code="o">025.84 BAL</subfield>
    <subfield code="p">B-406958</subfield>
    <subfield code="r">2010-07-28 00:00:00</subfield>
    <subfield code="t">1</subfield>
    <subfield code="v">1125.00</subfield>
    <subfield code="w">2010-07-28</subfield>
    <subfield code="y">EN</subfield>
  </datafield>
  <datafield tag="952" ind1=" " ind2=" ">
    <subfield code="0">0</subfield>
    <subfield code="1">0</subfield>
    <subfield code="4">0</subfield>
    <subfield code="7">0</subfield>
    <subfield code="8">NFIC</subfield>
    <subfield code="a">BL4</subfield>
    <subfield code="b">BL4</subfield>
    <subfield code="d">2010-07-28</subfield>
    <subfield code="e">Ess Ess Pub./20789/26.5.10/10/20.5.10/7.6.10</subfield>
    <subfield code="g">1125.00</subfield>
    <subfield code="l">0</subfield>
    <subfield code="o">025.84 BAL</subfield>
    <subfield code="p">B-406959</subfield>
    <subfield code="r">2010-07-28 00:00:00</subfield>
    <subfield code="t">1</subfield>
    <subfield code="v">1125.00</subfield>
    <subfield code="w">2010-07-28</subfield>
    <subfield code="y">EN</subfield>
  </datafield>
</record>
